Handbook of glass in construction /

Đã lưu trong:
書目詳細資料
主要作者: Amstock, Joseph S.
格式: 圖書
語言:English
出版: New York : McGraw-Hill, 1998.
主題:
標簽: 添加標簽
沒有標簽, 成為第一個標記此記錄!
Thư viện lưu trữ: Mạng thư viện Đại học Đà Nẵng
LEADER 01103cam a2200361 i 4500
001 000046230
003 5689
005 20030407084418.0
008 010220|1998 vm 000 eng
020 |a 0070016194 
040 |a IRC  |c IRC  |d IRC 
041 0 |a eng 
082 1 4 |a 624.1838  |b AM-J 
100 1 |a Amstock, Joseph S. 
245 0 0 |a Handbook of glass in construction /  |c Joseph S. Amstock. 
260 |a New York :  |b McGraw-Hill,  |c 1998. 
300 |a xv, 584p. :  |b ill. 
630 0 4 |a Glass. 
650 0 4 |a Glass. 
650 0 4 |a Glass construction. 
650 0 4 |a Glass construction  |v Handbook. 
OWN |a DUT 
AVA |a UDN50  |b DUT  |c Book  |d 624.1838 AM-J  |e available  |t Error 5001 Not defined in file expand_doc_bib_avail.  |f 1  |g 0  |h N  |i 0  |j SH  |k 1 
999 |a From the UDN01 
AVA |a UDN50  |b DUT  |c Book  |d 624.1838 AM-J  |e available  |t Error 5001 Not defined in file expand_doc_bib_avail.  |f 1  |g 0  |h N  |i 0  |j SH  |k 1 
TYP |a Monograph 
TYP |a Printed language 
980 |a Mạng thư viện Đại học Đà Nẵng